000 00287nam a22001337a 4500
008 181016b xxu||||| |||| 00| 0 eng d
020 _a9781451143270
041 _aeng
080 _a610
100 _a3
101 _ashm
245 _aInernal Medicine
_cSateia.h..f
942 _2udc
_cBK
999 _c49892
_d49892